000 00627nam a2200145Ia 4500
008 100122s9999 xx 000 0 und d
082 _b32257
_a789.1
100 _aमृदंगाचार्य भगवानदास
245 _aमृदंंग तबला-प्रभाकर भाग 1 (क.क्र.8/2 )
260 _bसंगीत कार्यालय
_c1905
300 _a114
630 _aमृदंंग तबला-प्रभाकर भाग 1 (क.क्र.8/2 )
730 _aमृदंंग तबला-प्रभाकर भाग 1 (क.क्र.8/2 )
942 _cBOOK
999 _c383014
_d383011